[Event "DEM U12 2025"]
[Site "Willingen GER"]
[Date "2025.06.11"]
[Round "6"]
[White "Poladli, Firuz"]
[Black "König, Lian"]
[Result "1/2-1/2"]
[Termination "normal"]
[Board "31"]
[WhiteElo "1584"]
[BlackElo "1450"]
[WhiteClock "00:16:23"]
[BlackClock "00:04:16"]
[PlyCount "144"]
[WhiteFideId "13471236"]
[BlackFideId "34660216"]
[EventCountry "GER"]
[EventRounds "9"]
[EventType "swiss"]
[EventDate "2025.06.07"]

1. e4 {[%clk 01:30:54]} {[%emt 00:00:06]} e5 {[%clk 01:30:54]} {[%emt
00:00:06]} 2. Nf3 {[%clk 01:31:15]} {[%emt 00:00:09]} Nc6 {[%clk 01:31:18]}
{[%emt 00:00:08]} 3. Bc4 {[%clk 01:31:31]} {[%emt 00:00:14]} Nf6 {[%clk
01:31:28]} {[%emt 00:00:19]} 4. Ng5 {[%clk 01:31:55]} {[%emt 00:00:06]} d5
{[%clk 01:31:49]} {[%emt 00:00:08]} 5. exd5 {[%clk 01:32:11]} {[%emt 00:00:14]}
Na5 {[%clk 01:32:12]} {[%emt 00:00:07]} 6. Bb5+ {[%clk 01:32:29]} {[%emt
00:00:12]} c6 {[%clk 01:32:36]} {[%emt 00:00:06]} 7. dxc6 {[%clk 01:32:40]}
{[%emt 00:00:20]} bxc6 {[%clk 01:33:04]} {[%emt 00:00:01]} 8. Bd3 {[%clk
01:32:54]} {[%emt 00:00:13]} Nd5 {[%clk 01:31:26]} {[%emt 00:02:10]} 9. Nxh7
{[%clk 01:14:22]} {[%emt 00:19:02]} Nf4 {[%clk 01:26:49]} {[%emt 00:05:09]} 10.
Be4 {[%clk 01:12:59]} {[%emt 00:01:54]} f5 {[%clk 01:22:49]} {[%emt 00:04:26]}
11. d3 {[%clk 00:59:26]} {[%emt 00:14:03]} fxe4 {[%clk 01:07:44]} {[%emt
00:15:36]} 12. Bxf4 {[%clk 00:59:33]} {[%emt 00:00:22]} Rxh7 {[%clk 01:06:57]}
{[%emt 00:01:18]} 13. Bxe5 {[%clk 00:58:26]} {[%emt 00:01:37]} exd3 {[%clk
01:04:21]} {[%emt 00:03:06]} 14. cxd3 {[%clk 00:58:31]} {[%emt 00:00:25]} Bd6
{[%clk 01:02:21]} {[%emt 00:02:30]} 15. Bxd6 {[%clk 00:57:04]} {[%emt
00:01:56]} Qxd6 {[%clk 01:02:45]} {[%emt 00:00:06]} 16. Qe2+ {[%clk 00:57:14]}
{[%emt 00:00:19]} Qe7 {[%clk 01:01:46]} {[%emt 00:01:31]} 17. Qxe7+ {[%clk
00:57:21]} {[%emt 00:00:22]} Kxe7 {[%clk 01:02:10]} {[%emt 00:00:07]} 18. Nc3
{[%clk 00:57:45]} {[%emt 00:00:06]} Ba6 {[%clk 01:01:47]} {[%emt 00:00:53]} 19.
O-O-O {[%clk 00:57:56]} {[%emt 00:00:18]} Rd8 {[%clk 01:01:00]} {[%emt
00:01:17]} 20. d4 {[%clk 00:58:05]} {[%emt 00:00:22]} Kf8 {[%clk 00:58:06]}
{[%emt 00:03:24]} 21. Kb1 {[%clk 00:50:57]} {[%emt 00:07:34]} Nc4 {[%clk
00:54:48]} {[%emt 00:03:51]} 22. Ka1 {[%clk 00:45:46]} {[%emt 00:05:41]} Nb6
{[%clk 00:53:55]} {[%emt 00:01:24]} 23. Ne4 {[%clk 00:45:32]} {[%emt 00:00:38]}
Nd5 {[%clk 00:49:39]} {[%emt 00:04:51]} 24. Rde1 {[%clk 00:43:34]} {[%emt
00:02:24]} Rh6 {[%clk 00:47:38]} {[%emt 00:02:36]} 25. Nc5 {[%clk 00:41:32]}
{[%emt 00:02:30]} Bc8 {[%clk 00:46:41]} {[%emt 00:01:29]} 26. h3 {[%clk
00:40:31]} {[%emt 00:01:29]} Kg8 {[%clk 00:44:06]} {[%emt 00:03:06]} 27. Re5
{[%clk 00:37:15]} {[%emt 00:03:41]} Nf4 {[%clk 00:41:53]} {[%emt 00:02:47]} 28.
Rhe1 {[%clk 00:36:22]} {[%emt 00:01:23]} Rf8 {[%clk 00:34:57]} {[%emt
00:07:29]} 29. Rg5 {[%clk 00:31:56]} {[%emt 00:04:31]} Ne6 {[%clk 00:32:02]}
{[%emt 00:03:49]} 30. Nxe6 {[%clk 00:31:28]} {[%emt 00:00:58]} Rxe6 {[%clk
00:30:07]} 31. Rxe6 {[%clk 00:28:11]} {[%emt 00:06:13]} Bxe6 {[%clk 00:30:25]}
{[%emt 00:00:12]} 32. f3 {[%clk 00:28:18]} {[%emt 00:00:21]} Rd8 {[%clk
00:28:11]} {[%emt 00:02:46]} 33. b3 {[%clk 00:28:15]} {[%emt 00:00:33]} Rxd4
{[%clk 00:26:13]} {[%emt 00:02:27]} 34. Rc5 {[%clk 00:20:27]} {[%emt 00:08:02]}
Rd6 {[%clk 00:26:17]} {[%emt 00:00:43]} 35. Kb2 {[%clk 00:18:57]} {[%emt
00:01:59]} Bd5 {[%clk 00:24:29]} {[%emt 00:02:19]} 36. b4 {[%clk 00:15:35]}
{[%emt 00:03:51]} Rd7 {[%clk 00:20:41]} {[%emt 00:04:18]} 37. a3 {[%clk
00:15:12]} {[%emt 00:00:51]} Rb7 {[%clk 00:18:19]} {[%emt 00:02:54]} 38. Kc3
{[%clk 00:14:38]} {[%emt 00:01:04]} Rb5 {[%clk 00:08:44]} {[%emt 00:10:06]} 39.
Kd4 {[%clk 00:13:22]} {[%emt 00:01:43]} Rxc5 {[%clk 00:06:13]} {[%emt
00:03:04]} 40. Kxc5 {[%clk 00:13:22]} {[%emt 00:00:29]} a6 {[%clk 00:00:41]}
{[%emt 00:06:02]} 41. a4 {[%clk 00:12:51]} {[%emt 00:01:01]} Kf7 {[%clk
00:00:33]} {[%emt 00:00:39]} 42. b5 {[%clk 00:12:36]} {[%emt 00:00:45]} axb5
{[%clk 00:14:07]} {[%emt 00:16:56]} 43. axb5 {[%clk 00:41:55]} {[%emt
00:01:17]} Ke7 {[%clk 00:06:00]} {[%emt 00:08:31]} 44. bxc6 {[%clk 00:41:16]}
{[%emt 00:01:10]} Be6 {[%clk 00:05:56]} {[%emt 00:00:34]} 45. g4 {[%clk
00:39:26]} {[%emt 00:02:20]} g5 {[%clk 00:04:22]} {[%emt 00:02:03]} 46. c7
{[%clk 00:39:14]} {[%emt 00:00:41]} Bc8 {[%clk 00:04:13]} {[%emt 00:00:40]} 47.
Kd4 {[%clk 00:39:16]} {[%emt 00:00:32]} Kf6 {[%clk 00:02:45]} {[%emt 00:01:56]}
48. Ke4 {[%clk 00:39:38]} {[%emt 00:00:06]} Bb7+ {[%clk 00:02:40]} {[%emt
00:00:37]} 49. Kd4 {[%clk 00:39:55]} {[%emt 00:00:09]} Bc8 {[%clk 00:02:06]}
{[%emt 00:01:06]} 50. Kd5 {[%clk 00:38:04]} {[%emt 00:02:21]} Bb7+ {[%clk
00:01:27]} {[%emt 00:01:10]} 51. Kd6 {[%clk 00:35:03]} {[%emt 00:03:30]} Bc8
{[%clk 00:01:48]} {[%emt 00:00:09]} 52. Kd5 {[%clk 00:34:00]} {[%emt 00:01:33]}
Bb7+ {[%clk 00:02:11]} {[%emt 00:00:08]} 53. Kd4 {[%clk 00:34:09]} {[%emt
00:00:21]} Bc8 {[%clk 00:01:58]} {[%emt 00:00:43]} 54. Kd3 {[%clk 00:32:51]}
{[%emt 00:01:33]} Ke5 {[%clk 00:01:33]} {[%emt 00:01:10]} 55. Ke3 {[%clk
00:28:58]} {[%emt 00:05:31]} Ba6 {[%clk 00:01:02]} {[%emt 00:01:04]} 56. h4
{[%clk 00:19:27]} {[%emt 00:10:03]} gxh4 {[%clk 00:01:17]} {[%emt 00:00:14]}
57. f4+ {[%clk 00:19:49]} {[%emt 00:00:07]} Kd6 {[%clk 00:01:35]} {[%emt
00:00:13]} 58. f5 {[%clk 00:19:53]} {[%emt 00:00:26]} Kxc7 {[%clk 00:01:58]}
{[%emt 00:00:07]} 59. f6 {[%clk 00:19:42]} {[%emt 00:00:45]} Bc4 {[%clk
00:02:14]} {[%emt 00:00:10]} 60. g5 {[%clk 00:19:57]} {[%emt 00:00:15]} h3
{[%clk 00:01:50]} {[%emt 00:00:55]} 61. Kf3 {[%clk 00:19:22]} {[%emt 00:01:05]}
h2 {[%clk 00:01:51]} {[%emt 00:00:32]} 62. Kg2 {[%clk 00:19:45]} {[%emt
00:00:01]} h1=Q+ {[%emt 00:00:13]} 63. Kxh1 {[%clk 00:20:02]} {[%emt 00:00:18]}
Kd6 {[%clk 00:02:29]} {[%emt 00:00:05]} 64. Kh2 {[%clk 00:19:33]} {[%emt
00:00:59]} Ke5 {[%clk 00:02:32]} {[%emt 00:00:27]} 65. Kh3 {[%clk 00:18:43]}
{[%emt 00:01:18]} Kf5 {[%clk 00:02:57]} {[%emt 00:00:09]} 66. Kh4 {[%clk
00:18:28]} {[%emt 00:00:37]} Kg6 {[%clk 00:03:21]} {[%emt 00:00:12]} 67. Kg4
{[%clk 00:17:24]} {[%emt 00:01:32]} Ba2 {[%clk 00:03:33]} {[%emt 00:00:20]} 68.
Kh4 {[%clk 00:17:34]} {[%emt 00:00:18]} Bc4 {[%clk 00:03:43]} {[%emt 00:00:21]}
69. Kg4 {[%clk 00:16:55]} {[%emt 00:01:09]} Ba2 {[%clk 00:04:05]} {[%emt
00:00:12]} 70. Kf4 {[%emt 00:03:21]} Bc4 {[%clk 00:04:20]} 71. Ke4 {[%clk
00:16:25]} {[%emt 00:01:03]} Kxg5 {[%clk 00:04:28]} {[%emt 00:00:27]} 72. Kd4
{[%clk 00:16:23]} {[%emt 00:00:33]} Kxf6 {[%clk 00:04:16]} {[%emt 00:00:11]}
1/2-1/2

[Event "DEM U12 2025"]
[Site "Willingen GER"]
[Date "2025.06.11"]
[Round "6"]
[White "Baumann, Simon"]
[Black "Hübner, Paul"]
[Result "1-0"]
[Termination "normal"]
[Board "32"]
[WhiteElo "1713"]
[BlackElo "1849"]
[WhiteClock "01:05:39"]
[BlackClock "00:18:11"]
[PlyCount "65"]
[WhiteFideId "34643664"]
[BlackFideId "34684115"]
[EventCountry "GER"]
[EventRounds "9"]
[EventType "swiss"]
[EventDate "2025.06.07"]

1. e4 {[%clk 01:30:58]} {[%emt 00:00:02]} c5 {[%clk 01:30:53]} {[%emt
00:00:08]} 2. Nf3 {[%clk 01:31:25]} {[%emt 00:00:04]} e6 {[%clk 01:31:17]}
{[%emt 00:00:05]} 3. d4 {[%clk 01:31:51]} {[%emt 00:00:05]} cxd4 {[%clk
01:31:25]} {[%emt 00:00:22]} 4. Nxd4 {[%clk 01:32:16]} {[%emt 00:00:04]} Nc6
{[%clk 01:31:45]} {[%emt 00:00:11]} 5. Nxc6 {[%clk 01:32:43]} {[%emt 00:00:02]}
bxc6 {[%clk 01:31:28]} {[%emt 00:00:47]} 6. Bd3 {[%clk 01:33:02]} {[%emt
00:00:11]} Nf6 {[%clk 01:31:30]} {[%emt 00:00:27]} 7. O-O {[%clk 01:33:28]}
{[%emt 00:00:04]} Qc7 {[%clk 01:31:28]} {[%emt 00:00:33]} 8. c4 {[%clk
01:33:14]} {[%emt 00:00:44]} Bb7 {[%clk 01:30:30]} {[%emt 00:01:29]} 9. Nd2
{[%clk 01:33:10]} {[%emt 00:00:33]} d5 {[%clk 01:29:44]} {[%emt 00:01:16]} 10.
Qe2 {[%clk 01:33:12]} {[%emt 00:00:28]} Be7 {[%clk 01:28:39]} {[%emt 00:01:35]}
11. b3 {[%clk 01:33:16]} {[%emt 00:00:26]} O-O {[%clk 01:28:37]} {[%emt
00:00:32]} 12. Bb2 {[%clk 01:33:03]} {[%emt 00:00:43]} Rac8 {[%clk 01:27:59]}
{[%emt 00:01:08]} 13. e5 {[%clk 01:32:01]} {[%emt 00:01:32]} Nd7 {[%emt
00:01:15]} 14. f4 {[%clk 01:32:20]} Qb6+ {[%clk 01:21:29]} {[%emt 00:06:26]}
15. Kh1 {[%clk 01:32:40]} {[%emt 00:00:10]} Bc5 {[%clk 01:17:13]} {[%emt
00:04:46]} 16. Qh5 {[%clk 01:29:27]} {[%emt 00:03:43]} h6 {[%clk 01:13:23]}
{[%emt 00:04:20]} 17. Nf3 {[%clk 01:26:45]} {[%emt 00:03:12]} Be3 {[%clk
00:59:06]} {[%emt 00:14:47]} 18. Qg4 {[%clk 01:24:42]} {[%emt 00:02:33]} d4
{[%clk 00:54:02]} {[%emt 00:05:34]} 19. f5 {[%clk 01:22:43]} {[%emt 00:02:30]}
c5 {[%clk 00:53:38]} {[%emt 00:00:54]} 20. fxe6 {[%clk 01:20:37]} {[%emt
00:02:36]} fxe6 {[%clk 00:51:05]} {[%emt 00:03:01]} 21. Qg6 {[%clk 01:20:28]}
{[%emt 00:00:40]} Rf7 {[%clk 00:42:22]} {[%emt 00:09:13]} 22. Qh7+ {[%clk
01:10:09]} {[%emt 00:10:49]} Kf8 {[%clk 00:40:43]} {[%emt 00:02:10]} 23. Bg6
{[%clk 01:10:05]} {[%emt 00:00:33]} Rf4 {[%clk 00:30:41]} {[%emt 00:10:32]} 24.
Qh8+ {[%clk 01:09:07]} {[%emt 00:01:28]} Ke7 {[%clk 00:30:09]} {[%emt
00:01:03]} 25. Qxg7+ {[%clk 01:09:34]} {[%emt 00:00:02]} Kd8 {[%clk 00:28:59]}
{[%emt 00:01:39]} 26. Bc1 {[%clk 01:08:06]} {[%emt 00:02:00]} Bxf3 {[%clk
00:24:36]} {[%emt 00:04:51]} 27. Rxf3 {[%clk 01:06:07]} {[%emt 00:02:29]} Rxf3
{[%clk 00:23:57]} {[%emt 00:01:09]} 28. gxf3 {[%clk 01:06:27]} {[%emt
00:00:12]} Qb8 {[%clk 00:21:22]} {[%emt 00:03:05]} 29. Bxe3 {[%clk 01:04:57]}
{[%emt 00:01:59]} dxe3 {[%clk 00:21:19]} {[%emt 00:00:33]} 30. Rd1 {[%clk
01:05:04]} {[%emt 00:00:24]} Qb7 {[%clk 00:20:25]} {[%emt 00:01:24]} 31. Qf8+
{[%clk 01:05:25]} {[%emt 00:00:10]} Kc7 {[%clk 00:18:21]} {[%emt 00:02:34]} 32.
Rxd7+ {[%clk 01:05:45]} {[%emt 00:00:10]} Kxd7 {[%clk 00:18:11]} {[%emt
00:00:40]} 33. Qd6# {[%clk 01:05:39]} {[%emt 00:00:06]} 1-0

[Event "DEM U12 2025"]
[Site "Willingen GER"]
[Date "2025.06.11"]
[Round "6"]
[White "Zielke, Mika"]
[Black "Gusev, Daniil"]
[Result "1/2-1/2"]
[Termination "normal"]
[Board "33"]
[WhiteElo "1733"]
[BlackElo "1890"]
[WhiteClock "00:30:57"]
[BlackClock "00:32:12"]
[PlyCount "77"]
[WhiteFideId "34661816"]
[BlackFideId "55683886"]
[EventCountry "GER"]
[EventRounds "9"]
[EventType "swiss"]
[EventDate "2025.06.07"]

1. e4 {[%clk 01:30:55]} {[%emt 00:00:05]} c5 {[%clk 01:30:57]} {[%emt
00:00:04]} 2. Nf3 {[%clk 01:31:13]} {[%emt 00:00:11]} e6 {[%clk 01:31:23]}
{[%emt 00:00:05]} 3. g3 {[%clk 01:31:19]} {[%emt 00:00:23]} Nc6 {[%clk
01:31:47]} {[%emt 00:00:06]} 4. Bg2 {[%clk 01:31:29]} {[%emt 00:00:19]} Nf6
{[%clk 01:32:09]} {[%emt 00:00:09]} 5. Nc3 {[%clk 01:31:39]} {[%emt 00:00:20]}
Be7 {[%clk 01:31:09]} {[%emt 00:01:31]} 6. O-O {[%clk 01:31:43]} {[%emt
00:00:25]} e5 {[%clk 01:30:17]} {[%emt 00:01:22]} 7. d3 {[%clk 01:31:17]}
{[%emt 00:00:55]} O-O {[%clk 01:30:41]} {[%emt 00:00:08]} 8. Bg5 {[%clk
01:30:27]} {[%emt 00:01:19]} h6 {[%clk 01:29:41]} {[%emt 00:01:30]} 9. Bxf6
{[%clk 01:30:29]} {[%emt 00:00:28]} Bxf6 {[%clk 01:29:47]} {[%emt 00:00:25]}
10. Nd5 {[%clk 01:30:38]} {[%emt 00:00:21]} d6 {[%clk 01:29:13]} {[%emt
00:01:05]} 11. h3 {[%clk 01:29:38]} {[%emt 00:01:28]} Be7 {[%clk 01:26:25]}
{[%emt 00:03:20]} 12. Nd2 {[%clk 01:23:39]} {[%emt 00:06:28]} f5 {[%clk
01:22:36]} {[%emt 00:04:19]} 13. f4 {[%clk 01:20:21]} {[%emt 00:03:47]} exf4
{[%clk 01:18:40]} {[%emt 00:04:27]} 14. Nxf4 {[%clk 01:20:01]} {[%emt
00:00:50]} Ne5 {[%clk 01:10:19]} {[%emt 00:08:51]} 15. exf5 {[%clk 01:10:41]}
{[%emt 00:09:50]} Bxf5 {[%clk 01:08:48]} {[%emt 00:02:01]} 16. Bxb7 {[%clk
01:07:16]} {[%emt 00:03:55]} Rb8 {[%clk 01:09:14]} {[%emt 00:00:05]} 17. Bd5+
{[%clk 01:07:11]} {[%emt 00:00:34]} Kh8 {[%clk 01:09:34]} {[%emt 00:00:11]} 18.
Nc4 {[%clk 01:02:35]} {[%emt 00:05:05]} Nxc4 {[%clk 01:04:23]} {[%emt
00:05:42]} 19. Bxc4 {[%clk 01:02:03]} {[%emt 00:01:01]} Qd7 {[%clk 01:04:43]}
{[%emt 00:00:11]} 20. Qh5 {[%clk 00:50:15]} {[%emt 00:12:17]} Bg5 {[%clk
01:02:55]} {[%emt 00:02:19]} 21. h4 {[%clk 00:41:54]} {[%emt 00:08:49]} Bxf4
{[%clk 00:57:30]} {[%emt 00:05:56]} 22. Rxf4 {[%clk 00:41:49]} {[%emt
00:00:35]} Bh3 {[%clk 00:51:17]} {[%emt 00:06:43]} 23. Rf7 {[%clk 00:38:08]}
{[%emt 00:04:11]} Rxf7 {[%clk 00:37:50]} {[%emt 00:13:58]} 24. Qxf7 {[%clk
00:37:02]} {[%emt 00:01:35]} Qxf7 {[%clk 00:36:40]} {[%emt 00:01:41]} 25. Bxf7
{[%clk 00:35:54]} {[%emt 00:01:38]} Rxb2 {[%clk 00:36:23]} {[%emt 00:00:47]}
26. Bb3 {[%clk 00:35:48]} {[%emt 00:00:35]} d5 {[%clk 00:35:51]} {[%emt
00:01:03]} 27. Rc1 {[%clk 00:35:39]} {[%emt 00:00:39]} Be6 {[%clk 00:35:38]}
{[%emt 00:00:43]} 28. c4 {[%clk 00:34:28]} {[%emt 00:01:41]} d4 {[%clk
00:35:46]} {[%emt 00:00:23]} 29. Rc2 {[%clk 00:31:32]} {[%emt 00:03:25]} Rxc2
{[%clk 00:28:55]} {[%emt 00:07:20]} 30. Bxc2 {[%clk 00:31:35]} {[%emt
00:00:27]} g5 {[%clk 00:29:21]} {[%emt 00:00:05]} 31. hxg5 {[%clk 00:30:26]}
{[%emt 00:01:38]} hxg5 {[%clk 00:29:44]} {[%emt 00:00:07]} 32. Kf2 {[%clk
00:30:41]} {[%emt 00:00:15]} g4 {[%clk 00:30:02]} {[%emt 00:00:12]} 33. Ke1
{[%clk 00:30:12]} {[%emt 00:00:59]} Kg7 {[%clk 00:30:25]} {[%emt 00:00:07]} 34.
Kd2 {[%clk 00:30:31]} {[%emt 00:00:11]} Kf6 {[%clk 00:30:41]} {[%emt 00:00:15]}
35. Kc1 {[%clk 00:30:50]} {[%emt 00:00:11]} Ke5 {[%clk 00:31:02]} {[%emt
00:00:09]} 36. Kb2 {[%clk 00:31:09]} {[%emt 00:00:11]} Kd6 {[%clk 00:31:24]}
{[%emt 00:00:08]} 37. Ka3 {[%clk 00:31:09]} {[%emt 00:00:30]} Kc7 {[%clk
00:31:47]} {[%emt 00:00:06]} 38. Ka4 {[%clk 00:31:13]} {[%emt 00:00:26]} Kb6
{[%clk 00:32:12]} {[%emt 00:00:06]} 39. Bb1 {[%clk 00:30:57]} {[%emt 00:00:46]}
1/2-1/2

[Event "DEM U12 2025"]
[Site "Willingen GER"]
[Date "2025.06.12"]
[Round "7"]
[White "Andersen, Jonathan"]
[Black "Nezhyvenko, Mykhaylo"]
[Result "0-1"]
[Termination "normal"]
[Board "1"]
[WhiteElo "1787"]
[BlackElo "2165"]
[WhiteClock "00:12:50"]
[BlackClock "00:15:06"]
[PlyCount "59"]
[WhiteFideId "34623884"]
[BlackFideId "34139885"]
[EventCountry "GER"]
[EventRounds "9"]
[EventType "swiss"]
[EventDate "2025.06.07"]

1. e4 {[%clk 01:30:57]} {[%emt 00:00:03]} e6 {[%clk 01:30:57]} {[%emt
00:00:04]} 2. d4 {[%clk 01:31:19]} {[%emt 00:00:08]} d5 {[%clk 01:31:26]}
{[%emt 00:00:01]} 3. e5 {[%clk 01:31:38]} {[%emt 00:00:11]} c5 {[%clk
01:31:51]} {[%emt 00:00:05]} 4. c3 {[%clk 01:31:55]} {[%emt 00:00:13]} Nc6
{[%clk 01:32:01]} {[%emt 00:00:20]} 5. Nf3 {[%clk 01:32:14]} {[%emt 00:00:11]}
Bd7 {[%clk 01:32:27]} {[%emt 00:00:05]} 6. a3 {[%clk 01:32:00]} {[%emt
00:00:44]} c4 {[%clk 01:32:53]} {[%emt 00:00:04]} 7. Nbd2 {[%clk 01:32:17]}
{[%emt 00:00:12]} f6 {[%clk 01:32:49]} {[%emt 00:00:35]} 8. exf6 {[%clk
01:29:45]} {[%emt 00:03:01]} gxf6 {[%clk 01:15:11]} {[%emt 00:18:07]} 9. g3
{[%clk 01:00:41]} {[%emt 00:29:34]} Qc7 {[%clk 01:08:00]} {[%emt 00:07:42]} 10.
Bg2 {[%clk 01:00:49]} {[%emt 00:00:22]} O-O-O {[%clk 01:07:03]} {[%emt
00:01:27]} 11. b3 {[%clk 00:56:07]} {[%emt 00:05:12]} e5 {[%clk 00:48:08]}
{[%emt 00:19:25]} 12. Nf1 {[%clk 00:36:25]} {[%emt 00:20:12]} exd4 {[%clk
00:39:19]} {[%emt 00:09:18]} 13. cxd4 {[%clk 00:36:45]} {[%emt 00:00:10]} Qa5+
{[%clk 00:38:22]} {[%emt 00:01:28]} 14. Qd2 {[%clk 00:30:25]} {[%emt 00:06:50]}
Bb4 {[%clk 00:38:25]} {[%emt 00:00:27]} 15. axb4 {[%clk 00:30:51]} {[%emt
00:00:05]} Qxa1 {[%clk 00:38:50]} {[%emt 00:00:04]} 16. bxc4 {[%clk 00:27:14]}
{[%emt 00:04:06]} Nxb4 {[%clk 00:36:43]} {[%emt 00:02:37]} 17. Ne3 {[%clk
00:27:14]} {[%emt 00:00:30]} Qxc1+ {[%clk 00:36:20]} {[%emt 00:00:53]} 18. Qxc1
{[%clk 00:27:36]} {[%emt 00:00:09]} Nd3+ {[%clk 00:36:44]} {[%emt 00:00:06]}
19. Kd2 {[%clk 00:27:58]} {[%emt 00:00:06]} Nxc1 {[%clk 00:37:11]} {[%emt
00:00:05]} 20. Rxc1 {[%clk 00:28:21]} {[%emt 00:00:06]} dxc4 {[%clk 00:35:47]}
{[%emt 00:01:55]} 21. Rxc4+ {[%clk 00:27:20]} {[%emt 00:01:31]} Kb8 {[%clk
00:35:56]} {[%emt 00:00:18]} 22. Rb4 {[%clk 00:26:39]} {[%emt 00:01:13]} b6
{[%clk 00:30:53]} {[%emt 00:05:34]} 23. Ne1 {[%clk 00:24:55]} {[%emt 00:02:14]}
Ne7 {[%clk 00:29:35]} {[%emt 00:01:47]} 24. Nd3 {[%clk 00:24:30]} {[%emt
00:00:55]} Bc6 {[%clk 00:27:24]} {[%emt 00:02:42]} 25. Bh3 {[%clk 00:23:23]}
{[%emt 00:01:37]} Kc7 {[%clk 00:23:24]} {[%emt 00:04:30]} 26. Nf4 {[%clk
00:23:08]} {[%emt 00:00:45]} Kb8 {[%clk 00:19:56]} {[%emt 00:03:58]} 27. Ne6
{[%clk 00:22:42]} {[%emt 00:00:56]} Rd6 {[%clk 00:17:50]} {[%emt 00:02:36]} 28.
Nc4 {[%clk 00:15:37]} {[%emt 00:07:35]} Rd5 {[%clk 00:16:58]} {[%emt 00:01:23]}
29. Ke3 {[%clk 00:13:06]} {[%emt 00:02:59]} Rh5 {[%clk 00:15:06]} {[%emt
00:02:22]} 30. Nf4 {[%clk 00:12:50]} {[%emt 00:00:47]} 0-1

[Event "DEM U12 2025"]
[Site "Willingen GER"]
[Date "2025.06.12"]
[Round "7"]
[White "Peglau, Paul David"]
[Black "Fadeev, Justin Michael"]
[Result "1/2-1/2"]
[Termination "normal"]
[Board "2"]
[WhiteElo "1959"]
[BlackElo "2060"]
[WhiteClock "00:07:15"]
[BlackClock "00:27:09"]
[PlyCount "61"]
[WhiteFideId "16290550"]
[BlackFideId "34602968"]
[EventCountry "GER"]
[EventRounds "9"]
[EventType "swiss"]
[EventDate "2025.06.07"]

1. d4 {[%clk 01:30:56]} {[%emt 00:00:03]} d5 {[%clk 01:30:49]} {[%emt
00:00:11]} 2. c4 {[%clk 01:31:20]} {[%emt 00:00:06]} e6 {[%clk 01:31:09]}
{[%emt 00:00:10]} 3. Nf3 {[%clk 01:31:43]} {[%emt 00:00:08]} c6 {[%clk
01:31:31]} {[%emt 00:00:07]} 4. g3 {[%clk 01:32:00]} {[%emt 00:00:13]} dxc4
{[%clk 01:30:52]} {[%emt 00:01:09]} 5. Bg2 {[%clk 01:31:50]} {[%emt 00:00:40]}
b5 {[%clk 01:30:09]} {[%emt 00:01:13]} 6. O-O {[%clk 01:32:12]} {[%emt
00:00:08]} Bb7 {[%clk 01:29:10]} {[%emt 00:01:30]} 7. a4 {[%clk 01:32:01]}
{[%emt 00:00:41]} a6 {[%clk 01:28:25]} {[%emt 00:01:15]} 8. Ne5 {[%clk
01:30:29]} {[%emt 00:02:01]} Nf6 {[%clk 01:26:43]} {[%emt 00:02:12]} 9. b3
{[%clk 01:30:22]} {[%emt 00:00:38]} cxb3 {[%clk 01:24:39]} {[%emt 00:02:34]}
10. Qxb3 {[%clk 01:29:20]} {[%emt 00:01:32]} Be7 {[%clk 01:16:15]} {[%emt
00:08:55]} 11. axb5 {[%clk 01:23:06]} {[%emt 00:06:43]} axb5 {[%clk 01:16:36]}
{[%emt 00:00:09]} 12. Rxa8 {[%clk 01:21:01]} {[%emt 00:02:36]} Bxa8 {[%clk
01:16:59]} {[%emt 00:00:07]} 13. Qa2 {[%clk 01:08:32]} {[%emt 00:12:58]} Bb7
{[%clk 01:13:47]} {[%emt 00:03:42]} 14. Qa7 {[%clk 01:06:37]} {[%emt 00:02:25]}
Qc8 {[%clk 01:07:30]} {[%emt 00:06:46]} 15. Nc3 {[%clk 01:06:00]} {[%emt
00:01:07]} Nd5 {[%clk 01:04:00]} {[%emt 00:04:01]} 16. Ne4 {[%clk 00:58:17]}
{[%emt 00:08:13]} O-O {[%clk 01:00:20]} {[%emt 00:04:10]} 17. Nc5 {[%clk
00:54:54]} {[%emt 00:03:53]} Bxc5 {[%clk 00:57:00]} {[%emt 00:03:50]} 18. Qxc5
{[%clk 00:41:50]} {[%emt 00:13:34]} Nd7 {[%clk 00:49:24]} {[%emt 00:08:05]} 19.
Nxd7 {[%emt 00:01:16]} Qxd7 {[%clk 00:49:38]} {[%emt 00:00:13]} 20. Bb2 {[%clk
00:31:41]} {[%emt 00:09:56]} Qe7 {[%clk 00:37:31]} {[%emt 00:12:36]} 21. Bxd5
{[%clk 00:23:00]} {[%emt 00:09:12]} Qxc5 {[%clk 00:31:58]} {[%emt 00:06:04]}
22. dxc5 {[%clk 00:23:29]} {[%emt 00:00:01]} exd5 {[%clk 00:30:31]} {[%emt
00:01:56]} 23. Ra1 {[%clk 00:23:16]} {[%emt 00:00:43]} Ra8 {[%clk 00:29:04]}
{[%emt 00:01:55]} 24. Rxa8+ {[%clk 00:22:38]} {[%emt 00:01:11]} Bxa8 {[%clk
00:29:30]} {[%emt 00:00:04]} 25. Bc3 {[%clk 00:22:55]} {[%emt 00:00:12]} f6
{[%clk 00:28:31]} {[%emt 00:01:28]} 26. e3 {[%clk 00:22:39]} {[%emt 00:00:47]}
Kf7 {[%clk 00:28:49]} {[%emt 00:00:12]} 27. Kf1 {[%clk 00:22:01]} {[%emt
00:01:08]} Bb7 {[%clk 00:28:48]} {[%emt 00:00:31]} 28. g4 {[%clk 00:20:25]}
{[%emt 00:02:05]} Bc8 {[%clk 00:28:31]} {[%emt 00:00:48]} 29. f3 {[%clk
00:20:27]} {[%emt 00:00:28]} f5 {[%clk 00:27:42]} {[%emt 00:01:19]} 30. g5
{[%clk 00:19:03]} {[%emt 00:01:54]} h6 {[%clk 00:27:09]} {[%emt 00:01:03]} 31.
f4 {[%clk 00:07:15]} {[%emt 00:12:18]} 1/2-1/2